000 00667nam a22001937a 4500
999 _c177965
_d177965
005 20210311110624.0
010 _aUR-11066
020 _c76.00
_a9789390579099
035 _aU-9621
037 _bDBAD/PUB
082 _a844
100 _aا ستا د عبد ا لر شيد
245 _aگلبر گہ ميں نظم (مضا مين)
_cا ستا د عبد ا لر شيد
246 _bGulbarga Mein Nazm (Urdu)
_aby Ustad Abdul Rasheed
260 _aN.Delhi
_c2020 ء
_bApplied Books
270 _a1739/10,Basement ,Patoudi House ,Darya Ganj,
_b N.Delhi
_e110002
_l9953630788
300 _a104 ص
_c22 Cm(Hb)
942 _2ddc
_cUR
_h844
_mع ب د